Normal view
MARC view
Entry Nombre geográfico
001 - NÚMERO DE CONTROL
- campo de control: 927
003 - IDENTIFICADOR DEL NÚMERO DE CONTROL
- campo de control: OSt
005 - FECHA Y HORA DE LA ÚLTIMA TRANSACCIÓN
- campo de control: 20211116121054.0
008 - DATOS DE LONGITUD FIJA
- campo de control de longitud fija: 200615|| aca||aabn | a|a d
040 ## - FUENTE DE LA CATALOGACIÓN
- Centro catalogador/agencia de origen: BNPHU
- Centro/agencia transcriptor: DO-SdBNP
- Lengua de catalogación: spa
043 ## - CÓDIGO DE ÁREA GEOGRÁFICA
- Código de área geográfica: nwdr---
151 ## - ENCABEZAMIENTO--NOMBRE GEOGRÁFICO
- Nombre geográfico: Boca Chica (Distrito Nacional, República Dominicana)
451 ## - TRAZADO DE VÉASE--NOMBRE GEOGRÁFICO
- Nombre geográfico: Boca Chica (República Dominicana)
670 ## - FUENTE DE DATOS ENCONTRADOS
- Cita de la fuente: Work cat.: (OSt)282: Hichez Tellería, Julio César, 1954- 923, Historia de La Caleta :, 2007.
670 ## - FUENTE DE DATOS ENCONTRADOS
- Cita de la fuente: United States. Defense Mapping Agency. Hydrographic/Topographic Center. Dominican Republic city graphic
781 ## - ENTRADA DE ENLACE DE SUBDIVISIÓN--SUBDIVISIÓN GEOGRÁFICA
- Subdivisión geográfica: República Dominicana
- Subdivisión geográfica: Boca Chica (Distrito Nacional)
